[Event "Wuerttemberg-ch U18"]
[Site "Stuttgart"]
[Date "2003.04.24"]
[Round "5"]
[White "Nowak, Jonathan"]
[Black "Vielwock, Vadim"]
[Result "0-1"]
[WhiteElo "1511"]
[BlackElo "2078"]
[PlyCount "44"]
[EventDate "2003.04.??"]
[EventType "swiss"]
[EventRounds "7"]
[EventCountry "GER"]
[SourceTitle "EXT 2005"]
[Source "ChessBase"]
[SourceDate "2004.11.15"]
[SourceVersion "1"]
[SourceVersionDate "2004.11.15"]
[SourceQuality "1"]

1. e4 e6 2. d4 d5 3. e5 c5 4. c3 Qb6 5. Nf3 Nc6 6. Be2 cxd4 7. cxd4 Bb4+ 8. Kf1 Bd7 9. b3 f6 10. Bd2 Rc8 11. Bxb4 Nxb4 12. Nbd2 Nc2 13. Rc1 Nxd4 14. Rxc8+ Bxc8 15. Nxd4 Qxd4 16. Qc2 Bd7 17. exf6 Nxf6 18. g3 0-0 19. Kg2 Ng4 20. Bxg4 Rxf2+ 21. Kh3 h5 22. Bxh5 e5+ 0-1